Culture and politics of identity in Sri Lanka / (Record no. 150)
[ view plain ]
| 000 -LEADER | |
|---|---|
| fixed length control field | 00590cam a2200193 a 4500 |
| 001 - CONTROL NUMBER | |
| control field | 254916 |
| 005 - DATE AND TIME OF LATEST TRANSACTION | |
| control field | 20231205042506.0 |
| 008 - FIXED-LENGTH DATA ELEMENTS--GENERAL INFORMATION | |
| fixed length control field | 990422s1998 ce b 100 0 eng |
| 020 ## - INTERNATIONAL STANDARD BOOK NUMBER | |
| ISBN | 9555800332 |
| 040 ## - CATALOGING SOURCE (பட்டியலாக்க மூலம்) | |
| Original cataloging agency | DLC |
| Transcribing agency | DLC |
| Modifying agency | DLC |
| 082 00 - DDC Classification | |
| Class No. | 305.8/0095493 |
| DDC Edition Number | 21 |
| 245 00 - TITLE STATEMENT | |
| Title | Culture and politics of identity in Sri Lanka / |
| Statement of responsibility, etc. | edited by Mithran Tiruchelvam and Dattathreya C.S. |
| 260 ## - PUBLICATION, DISTRIBUTION, ETC. | |
| Place of publication, distribution, etc. | Colombo : |
| Name of publisher, distributor, etc. | International Centre for Ethnic Studies, |
| Date of publication, distribution, etc. | 1998. |
| 300 ## - PHYSICAL DESCRIPTION | |
| Extent (e.g. Volumes, Pages etc.) | xii, 186 p. ; |
| 650 #0 - SUBJECT ADDED ENTRY--TOPICAL TERM | |
| Topical term or geographic name entry element | Ethnology |
| 700 1# - ADDED ENTRY--PERSONAL NAME | |
| Personal name | Tiruchelvam, Mithran. |
| Relator term (Role) | Editor |
| 700 0# - ADDED ENTRY--PERSONAL NAME | |
| Personal name | Dattathreya C. S. |
| Relator term (Role) | Editor |
| 942 ## - Koha item type (Biblio) | |
| Koha item type | Books in Stacks (Lending) |
| Lost status | Damaged status | Collection code | Home library | Current library | Date acquired | Full call number | Accession Number | Item type |
|---|---|---|---|---|---|---|---|---|
| Lending | WERC Library | WERC Library | 12/05/2023 | 305.8/0095493 | 2758 | Books in Stacks (Lending) |
